000 00967nam a22002537a 4500
005 20240530110555.0
008 160301s2011 ua g b 000 0 ara d
017 _a2011/16288
_bمصر . دار الكتب المصرية
020 _a978977431116
040 _aEG-CaGPL
082 0 4 _221
_a371.4\
_bج أ
100 0 _aجهاد محمد حجاج
245 1 2 _aالاخصائى النفسى و الاخصائى الاجتماعى /
_cجهاد محمد حجاج
250 _aط1
260 _aالقاهرة :
_bمؤسسة طيبة للنشر و التوزيع ،
_c2011 .
300 _a91 ص ؛
_c24 سم .
490 _aسلسلة حقيبة الاعمال المدرسية
504 _aيشتمل على ارجاعات ببليوجرافية
650 0 4 _aالاجتماع ، علم
650 0 4 _aالاخصائى النفسى
650 0 4 _aالاخصائى الاجتماعى
942 _2ddc
_cBK
999 _c62552
_d62552